| 000 | 00875nam a2200229 a 4500 | ||
|---|---|---|---|
| 001 | 000016123 | ||
| 005 | 20260219111624.0 | ||
| 008 | 100226s1943 dr a r 000 0 spa d | ||
| 040 |
_aDO-SdBNP _bspa _cBNPHU |
||
| 082 |
_a341 _bS211c |
||
| 100 | 1 |
_aSánchez i Sánchez, Carlos _924270 |
|
| 245 | 1 | 0 |
_aCurso de derecho internacional público americano : _b(sistemática i exégesis) / _cCarlos Sánchez i Sánchez. |
| 260 |
_aCiudad Trujillo, República Dominicana : _bMontalvo, _c1943. |
||
| 300 |
_axxxiii, 729 p. ; _c23 cm. |
||
| 500 | _aIncluye índice de autores y de nombres | ||
| 500 | _aIncluye referencias bibliográficas y notas al pie de las paginas. | ||
| 504 | _aBibliografía : p. 1-14 | ||
| 590 | _aInventariado, 2018/LP | ||
| 650 | 4 |
_aDerecho internacional público _99388 |
|
| 650 | 0 |
_aPanamericanismo _97149 |
|
| 910 | _aValidado. Control de calidad MFF | ||
| 999 |
_c15663 _d15663 |
||